000 00432nam a2200181Ia 4500
001 1270
005 20260306140620.0
008 260306t2004||||xx |||||||||||||| ||spa||
041 _aESP
082 _a190
_bF41 2004
100 _aFernández, Jose Luis
_eAUT
245 0 _aHistoria de la filosofía moderna
260 _c2004
300 _a350 páginas :
_c24 cm.
650 _aGEN
654 _aCHU
942 _cLIB
_dJUS
_fJUS
_2ddc
_n
999 _c1270
_d1270